| 000 | 00524nam a2200193Ia 4500 | ||
|---|---|---|---|
| 003 | GCL | ||
| 008 | 140319s9999 xx 000 0 eng d | ||
| 040 |
_aGCL / _cGCL |
||
| 082 | 0 | 4 |
_aCC _b291.231 _bR E |
| 100 | 1 | _aBRIER, BOB | |
| 245 | 1 | 0 |
_aEGYPTIAN MUMMIES : UNRVEALING THE SECRETS OF AN ANCIENT ART / _cBRIER, BOB |
| 260 |
_a[S.N] : _bMICHOEL O'MARA BOOKS LIMITED ، _c1996 |
||
| 300 | _a352 P | ||
| 650 | 0 | 4 | _aMUMMIES |
| 650 | 0 | 4 | _aEGYPTOLOGY |
| 650 | 0 | 4 | _aHISTORY, ANCIENT |
| 650 | 0 | 4 | _aTAXIDERMY |
| 942 |
_2ddc _cBK |
||
| 999 |
_c12965 _d12965 |
||